Most Spoken Languages in Indonesia - Statistics

General Stats
  • This quiz has been taken 59 times
  • The average score is 3 of 5
Answer Stats
Hint Answer % Correct
212 Million Indonesian
90%
90 Million Javanese
80%
30 Million Sundanese
78%
45 Million English
36%
10 Million Dutch
16%
No matching quizzes found
Score Distribution
Percent of People with Each Score
Percentile by Number Answered
Your Score History
You have not taken this quiz